[Event "41st Olympiad Women 2014"]
[Site "Tromso NOR"]
[Date "2014.08.02"]
[Round "1.49"]
[Board "4"]
[White "Guo, Qi"]
[Black "Valner, Shafiga"]
[Result "1-0"]
[WhiteTitle "WGM"]
[BlackTitle "WCM"]
[WhiteElo "2453"]
[BlackElo "1849"]
[WhiteTeam "China"]
[BlackTeam "IBCA"]
[WhiteFideId "8604002"]
[BlackFideId "24161276"]
[EventDate "2014.08.02"]

1. d4 d5 2. c4 e6 3. Nc3 Nf6 4. Bg5 Nbd7 5. cxd5 exd5 6. e3 Be7 7. Qc2 h6 8. Bh4
O-O 9. Bd3 Re8 10. Nge2 b6 11. O-O Bb7 12. f3 a6 13. Bf2 Rc8 14. Bf5 c5 15. Rad1
c4 16. e4 dxe4 17. fxe4 b5 18. e5 Nd5 19. e6 Nxc3 20. exd7 Nxd1 21. dxe8=Q+ Qxe8
22. Bxc8 Qxc8 23. Rxd1 Bd6 24. d5 Qe8 25. Ng3 Qd7 26. Qf5 Qe7 27. Qe4 Qd8 28.
Nf5 Bf8 29. Qe5 Qg5 30. h4 Qg4 31. Rd4 Qg6 32. Ne7+ Bxe7 33. Qxe7 Qb1+ 34. Kh2
Qf1 35. Rf4 Bxd5 36. Qd8+ Kh7 37. Qxd5 f6 38. Qf5+ Kg8 39. Re4 Kf7 40. h5 Qd1
41. Qg6+ Kf8 42. Re8# 1-0

[Event "41st Olympiad Women 2014"]
[Site "Tromso NOR"]
[Date "2014.08.02"]
[Round "1.50"]
[Board "1"]
[White "Videnova, Iva"]
[Black "Melnik, Galina"]
[Result "1-0"]
[WhiteTitle "WGM"]
[BlackTitle "WIM"]
[WhiteElo "2342"]
[BlackElo "2017"]
[WhiteTeam "Bulgaria"]
[BlackTeam "IPCA"]
[WhiteFideId "2907763"]
[BlackFideId "4121929"]
[EventDate "2014.08.02"]

1. e4 c6 2. d4 d5 3. e5 Bf5 4. h4 h6 5. g4 Bd7 6. Nc3 e6 7. Be3 a6 8. Qd2 c5 9.
dxc5 Nc6 10. f4 Qa5 11. Nce2 Qb5 12. Qc3 Rc8 13. a3 d4 14. Nxd4 Qxc5 15. Qxc5
Bxc5 16. O-O-O h5 17. gxh5 Rxh5 18. Be2 Rh8 19. Ngf3 Nge7 20. Kb1 Nd5 21. Bc1 b5
22. h5 Na5 23. Ng5 Nc4 24. Rh3 Bf8 25. f5 exf5 26. e6 fxe6 27. Ndxe6 Nf6 28. Bf4
Ne4 29. Nxf8 Rxf8 30. h6 gxh6 31. Rxh6 Nxa3+ 32. bxa3 Nc3+ 33. Kb2 Nxd1+ 34.
Bxd1 Rc4 35. Bh5+ Kd8 36. Nf7+ Rxf7 37. Bg5+ 1-0

[Event "41st Olympiad Women 2014"]
[Site "Tromso NOR"]
[Date "2014.08.02"]
[Round "1.50"]
[Board "2"]
[White "Kurochkina, Elena"]
[Black "Nikolova, Adriana"]
[Result "0-1"]
[BlackTitle "WGM"]
[WhiteElo "1797"]
[BlackElo "2325"]
[WhiteTeam "IPCA"]
[BlackTeam "Bulgaria"]
[WhiteFideId "24145890"]
[BlackFideId "2908689"]
[EventDate "2014.08.02"]

1. d4 Nf6 2. c4 e6 3. Nf3 Bb4+ 4. Nbd2 O-O 5. a3 Bxd2+ 6. Qxd2 b6 7. g3 Bb7 8.
Bg2 d5 9. cxd5 Bxd5 10. O-O Nc6 11. Rd1 Na5 12. Qb4 Nb3 13. Rb1 a5 14. Qc3 a4
15. Nd2 Bxg2 16. Kxg2 Qxd4 17. Qxd4 Nxd4 18. e3 Nb5 19. Nf3 Rad8 20. Bd2 Nd5 21.
Be1 c5 22. Ne5 Nd6 23. Rbc1 f6 24. Nd3 g5 25. Kf3 Rd7 26. e4 Ne7 27. Ke3 Nc6 28.
Bc3 Nb5 29. f3 Nxc3 30. Rxc3 Rfd8 31. Rcc1 Kf7 32. f4 gxf4+ 33. gxf4 Rd4 34. Nf2
Na5 35. Rxd4 Rxd4 36. Rc2 Nc4+ 37. Ke2 h5 38. Kf3 Nd2+ 39. Ke3 Nf1+ 40. Ke2 Nxh2
41. Rc3 Ng4 0-1

[Event "41st Olympiad Women 2014"]
[Site "Tromso NOR"]
[Date "2014.08.02"]
[Round "1.50"]
[Board "3"]
[White "Djingarova, Emilia"]
[Black "Kaydanovich, Marina"]
[Result "1-0"]
[WhiteTitle "WGM"]
[BlackTitle "WIM"]
[WhiteElo "2303"]
[BlackElo "1851"]
[WhiteTeam "Bulgaria"]
[BlackTeam "IPCA"]
[WhiteFideId "2903229"]
[BlackFideId "4134877"]
[EventDate "2014.08.02"]

1. d4 d5 2. c4 e6 3. Nf3 Nf6 4. Nc3 Nbd7 5. Bg5 dxc4 6. e4 h6 7. Bxf6 Nxf6 8.
Bxc4 Be7 9. O-O O-O 10. Rc1 a6 11. a4 c6 12. Bd3 c5 13. e5 Nd5 14. Nxd5 Qxd5 15.
dxc5 Bxc5 16. Qe2 Bb4 17. Rfd1 Qa5 18. Qe4 f5 19. exf6 Rxf6 20. Rc4 Bf8 21. Rdc1
Qd8 22. Qh7+ Kf7 23. Ne5+ Ke7 24. Rc7+ Kd6 25. Qe4 1-0

[Event "41st Olympiad Women 2014"]
[Site "Tromso NOR"]
[Date "2014.08.02"]
[Round "1.50"]
[Board "4"]
[White "Konkolova, Nikola"]
[Black "Voiska, Margarita"]
[Result "0-1"]
[BlackTitle "WGM"]
[WhiteElo "1481"]
[BlackElo "2279"]
[WhiteTeam "IPCA"]
[BlackTeam "Bulgaria"]
[WhiteFideId "14924242"]
[BlackFideId "2900602"]
[EventDate "2014.08.02"]

1. e4 g6 2. d4 Bg7 3. c3 d6 4. Bc4 Nf6 5. Qd3 O-O 6. Be3 d5 7. exd5 Bf5 8. Qd1
Nxd5 9. Bxd5 Qxd5 10. Nf3 Nc6 11. Nbd2 e5 12. Qb3 Qxb3 13. Nxb3 a5 14. a4 Bc2
15. Nfd2 exd4 16. cxd4 f5 17. O-O f4 18. d5 fxe3 19. dxc6 exd2 20. Nxd2 bxc6 21.
Rac1 Bxa4 0-1

[Event "41st Olympiad Women 2014"]
[Site "Tromso NOR"]
[Date "2014.08.02"]
[Round "1.51"]
[Board "1"]
[White "Jumba, Gloria"]
[Black "Berezina, Irina"]
[Result "0-1"]
[BlackTitle "IM"]
[WhiteElo "1507"]
[BlackElo "2182"]
[WhiteTeam "Kenya"]
[BlackTeam "Australia"]
[WhiteFideId "10800794"]
[BlackFideId "3201937"]
[EventDate "2014.08.02"]

1. d4 Nf6 2. c4 g6 3. Nc3 Bg7 4. g3 d6 5. Bg2 O-O 6. Nf3 Nc6 7. O-O Bf5 8. a3
Ne4 9. Nxe4 Bxe4 10. e3 Na5 11. Qa4 c5 12. Bd2 Nc6 13. d5 Nb8 14. Qb3 Qb6 15.
Qxb6 axb6 16. Ra2 b5 17. b3 bxc4 18. bxc4 Nd7 19. Rc1 Ra4 20. Ne1 Bxg2 21. Kxg2
Rfa8 22. Nf3 R8a7 23. e4 Nb6 24. Rac2 Rxa3 25. Bc3 Bxc3 26. Rxc3 Rxc3 27. Rxc3
Nd7 28. Nd2 Ra2 29. Nf3 b6 30. Kf1 Nf6 31. Re3 Rc2 32. e5 Ng4 33. Re2 Rxe2 34.
Kxe2 Nxe5 35. Nd2 Kf8 36. f4 Nd7 37. Nb1 e5 38. Nc3 Ke7 39. Kf3 f5 40. h3 exf4
41. gxf4 Nf6 42. Ke3 h6 43. h4 Ne4 44. Na4 Kf6 45. Nxb6 g5 46. h5 g4 47. Ke2 Ke7
48. Nc8+ Kd7 49. Nb6+ Kc7 50. Na4 Ng3+ 51. Ke3 Nxh5 52. Nc3 Nf6 53. Ne2 Ne4 0-1

[Event "41st Olympiad Women 2014"]
[Site "Tromso NOR"]
[Date "2014.08.02"]
[Round "1.51"]
[Board "2"]
[White "Guo, Emma"]
[Black "Wambugu, Jane Wanjiru"]
[Result "1-0"]
[WhiteTitle "WIM"]
[BlackTitle "WCM"]
[WhiteElo "2044"]
[BlackElo "1530"]
[WhiteTeam "Australia"]
[BlackTeam "Kenya"]
[WhiteFideId "3200795"]
[BlackFideId "10800310"]
[EventDate "2014.08.02"]

1. e4 g6 2. d4 c6 3. c4 Bg7 4. Nc3 e5 5. d5 Nf6 6. Bd3 O-O 7. Nge2 d6 8. O-O Bg4
9. f3 Qb6+ 10. Kh1 Bd7 11. Bg5 Re8 12. Qd2 Na6 13. Rad1 Nc5 14. Bb1 cxd5 15.
Bxf6 Bxf6 16. Nxd5 Qd8 17. Nxf6+ Qxf6 18. Qxd6 Qxd6 19. Rxd6 Be6 20. b3 Rad8 21.
Rfd1 Rd7 22. Rxd7 Nxd7 23. Nc3 Rc8 24. Kg1 Kf8 25. Kf2 Nb8 26. g3 Nc6 27. f4 f6
28. Ke3 Nd4 29. Nd5 Kg7 30. Nxf6 Nxb3 31. axb3 Kxf6 32. Rd6 exf4+ 33. gxf4 Ke7
34. Rd4 b5 35. f5 gxf5 36. exf5 Bg8 37. cxb5 Rc3+ 38. Kf4 Rc1 39. Bd3 Bxb3 40.
Rb4 Rc3 41. Be4 Bd1 42. Rd4 Bb3 43. Kg5 Rc4 44. f6+ Ke8 45. Bc6+ Rxc6 46. bxc6
a5 47. c7 Be6 48. Re4 1-0

[Event "41st Olympiad Women 2014"]
[Site "Tromso NOR"]
[Date "2014.08.02"]
[Round "1.51"]
[Board "3"]
[White "Shah, Riya"]
[Black "Dekic, Biljana N."]
[Result "0-1"]
[WhiteTitle "WCM"]
[BlackTitle "WIM"]
[WhiteElo "1289"]
[BlackElo "2048"]
[WhiteTeam "Kenya"]
[BlackTeam "Australia"]
[WhiteFideId "10800387"]
[BlackFideId "3200493"]
[EventDate "2014.08.02"]

1. e4 c5 2. Nf3 d6 3. Bc4 e6 4. Nc3 Nc6 5. d3 a6 6. a3 b5 7. Ba2 Nf6 8. h3 Be7
9. Be3 Rb8 10. Ne2 Qc7 11. c3 O-O 12. Ng3 Rd8 13. Qc2 Bb7 14. b4 Rbc8 15. Rc1 a5
16. Rb1 axb4 17. axb4 cxb4 18. cxb4 d5 19. Bc5 Nxb4 20. Rxb4 Bxc5 21. Rb2 dxe4
22. Qd1 exf3 23. gxf3 Qf4 24. Qd2 Qxd2+ 25. Rxd2 Bb4 26. Ke2 Bxf3+ 27. Kxf3 Bxd2
28. Bb1 b4 29. Ke2 Bf4 30. Rd1 b3 31. d4 Nd5 32. Kd3 Rc3+ 33. Ke2 Bxg3 34. fxg3
Rxg3 35. Rh1 b2 36. Bc2 Rxh3 37. Rxh3 Nf4+ 38. Ke3 Nxh3 39. Bb1 Rc8 40. Kd2 Rc1
41. Bd3 Nf4 42. Bc2 f5 43. d5 Nxd5 44. Kd3 Nb4+ 45. Kc3 Rxc2+ 46. Kxb4 b1=Q+ 47.
Ka3 Ra2# 0-1

[Event "41st Olympiad Women 2014"]
[Site "Tromso NOR"]
[Date "2014.08.02"]
[Round "1.52"]
[Board "1"]
[White "Arakhamia-Grant, Ketevan"]
[Black "Vilhete, Vania Fausto Da T."]
[Result "1-0"]
[WhiteTitle "GM"]
[BlackTitle "WIM"]
[WhiteElo "2394"]
[BlackElo "1832"]
[WhiteTeam "Scotland"]
[BlackTeam "Mozambique"]
[WhiteFideId "13600168"]
[BlackFideId "14800144"]
[EventDate "2014.08.02"]

1. e4 d6 2. Nf3 Nf6 3. Nc3 g6 4. Bc4 Bg7 5. O-O O-O 6. h3 c6 7. a3 Nbd7 8. d3 a5
9. Be3 b5 10. Ba2 Ba6 11. Ne2 e5 12. Qd2 d5 13. exd5 cxd5 14. Rfe1 Qc7 15. Rac1
Rab8 16. Ng3 Rfe8 17. Bg5 Bb7 18. Bh6 Bh8 19. Re2 Ra8 20. Rce1 e4 21. dxe4 Nxe4
22. Nxe4 dxe4 23. Ng5 Re7 24. c3 Ne5 25. Nxe4 Qc6 26. Qg5 Rae8 27. f3 Qb6+ 28.
Kh1 Nd3 29. Rf1 Re5 30. Qd2 Rd8 31. Qc2 Bg7 32. Bxg7 Kxg7 33. Rd1 1-0

[Event "41st Olympiad Women 2014"]
[Site "Tromso NOR"]
[Date "2014.08.02"]
[Round "1.52"]
[Board "4"]
[White "Castro, Neusa Aridas De"]
[Black "Groves, Carey"]
[Result "1/2-1/2"]
[BlackTitle "WFM"]
[WhiteElo "1467"]
[BlackElo "2027"]
[WhiteTeam "Mozambique"]
[BlackTeam "Scotland"]
[WhiteFideId "14800250"]
[BlackFideId "2401207"]
[EventDate "2014.08.02"]

1. e4 c5 2. Nc3 d6 3. f4 e6 4. Nf3 Nf6 5. g3 Be7 6. Bg2 Nc6 7. O-O a6 8. Kh1 Qc7
9. d4 cxd4 10. Nxd4 O-O 11. Be3 Bd7 12. a4 e5 13. Nb3 Ng4 14. Bg1 Nb4 15. a5 f5
16. exf5 Bxf5 17. fxe5 dxe5 18. Rxf5 Rxf5 19. Qxg4 Rff8 20. Qe6+ Kh8 21. Bb6 Qd6
22. Qxd6 Bxd6 23. Rd1 Be7 24. Bxb7 Rae8 25. Be4 Bd8 26. Nc5 g6 27. Nd7 Bxb6 28.
axb6 1/2-1/2

[Event "41st Olympiad Women 2014"]
[Site "Tromso NOR"]
[Date "2014.08.02"]
[Round "1.53"]
[Board "1"]
[White "Olatunji, Oluwatobiloba"]
[Black "Garcia Morales, Ivette Ale"]
[Result "1/2-1/2"]
[WhiteTitle "WFM"]
[BlackTitle "WIM"]
[WhiteElo "1860"]
[BlackElo "2113"]
[WhiteTeam "Nigeria"]
[BlackTeam "Mexico"]
[WhiteFideId "8500924"]
[BlackFideId "5105994"]
[EventDate "2014.08.02"]

1. Nf3 Nf6 2. c4 e6 3. Nc3 Bb4 4. g3 b6 5. Bg2 Bb7 6. Qc2 O-O 7. O-O Bxc3 8.
Qxc3 d6 9. d4 Nbd7 10. Bg5 h6 11. Bxf6 Nxf6 12. Rfd1 Qe7 13. Rac1 Ne4 14. Qe3 f5
15. Nd2 Qf7 16. f4 Qg6 17. Nxe4 Bxe4 18. Qf2 e5 19. dxe5 dxe5 20. e3 Qc6 21. b3
Rad8 22. Qe2 a5 23. Bxe4 Qxe4 24. Kf2 Qc6 25. Rxd8 Rxd8 26. Rd1 Rxd1 27. Qxd1
exf4 28. exf4 Qf6 29. Qd2 Kf8 30. h4 Ke7 31. Kf3 Qc6+ 32. Kf2 Qf6 33. Kf3 Qc6+
34. Kf2 Qc5+ 35. Kf3 Qc6+ 36. Kf2 Qc5+ 37. Kf3 Qc6+ 1/2-1/2

[Event "41st Olympiad Women 2014"]
[Site "Tromso NOR"]
[Date "2014.08.02"]
[Round "1.54"]
[Board "4"]
[White "Figaro, Dericka"]
[Black "Misovic, Sanja"]
[Result "0-1"]
[WhiteElo "1710"]
[BlackElo "1862"]
[WhiteTeam "Seychelles"]
[BlackTeam "Montenegro"]
[WhiteFideId "9800034"]
[BlackFideId "900575"]
[EventDate "2014.08.02"]

1. d4 Nf6 2. Nf3 e6 3. Bg5 Be7 4. Nbd2 d5 5. e3 b6 6. c4 Bb7 7. Bd3 dxc4 8. Qa4+
Nbd7 9. Qxc4 O-O 10. O-O c5 11. Rac1 Nd5 12. Bxe7 Qxe7 13. e4 Nb4 14. Bb1 Ba6
15. Qb3 Bxf1 16. Rxf1 Nc6 17. e5 Nxd4 18. Nxd4 cxd4 19. Qd3 g6 20. Qxd4 Rfd8 21.
Ne4 Kg7 22. Nd6 f6 23. f4 Nc5 24. Qc3 fxe5 25. fxe5 Rf8 26. Rd1 Qh4 27. Qe3 Qf4
28. Qe2 Nd7 29. Ne8+ Raxe8 30. Rxd7+ Kg8 31. Rc7 Qd4+ 32. Kh1 Rf2 33. Qe1 Ref8
34. Rc1 Rf1+ 35. Qxf1 Rxf1+ 36. Rxf1 Qxe5 37. b3 Qe2 38. Rc1 e5 39. h3 e4 40.
Kh2 e3 41. Rc8+ Kf7 42. Rc7+ Ke6 43. Rxh7 Qf1 44. Bxg6 e2 45. Bd3 Qf4+ 46. Kg1
e1=Q+ 47. Bf1 Qexf1# 0-1

[Event "41st Olympiad Women 2014"]
[Site "Tromso NOR"]
[Date "2014.08.02"]
[Round "1.55"]
[Board "4"]
[White "Marcinkeviciene, Egle"]
[Black "Berhe, Azeb Asmelash"]
[Result "1/2-1/2"]
[WhiteElo "1675"]
[BlackElo "1464"]
[WhiteTeam "ICCD"]
[BlackTeam "Ethiopia"]
[WhiteFideId "12801011"]
[BlackFideId "15700291"]
[EventDate "2014.08.02"]

1. d4 d5 2. Nf3 e6 3. c4 Nf6 4. Nc3 c5 5. Bg5 Be7 6. e3 Nc6 7. cxd5 Nxd5 8. Bxe7
Ndxe7 9. dxc5 Qa5 10. Be2 Qxc5 11. O-O O-O 12. Rc1 Rd8 13. Qc2 Nd5 14. Ng5 Nf6
15. Nge4 Nxe4 16. Qxe4 f5 17. Qh4 Qe7 18. Qxe7 Nxe7 19. Rfd1 Rf8 20. Nb5 a6 21.
Nc7 Rb8 22. Bc4 Rf6 23. Rd8+ Kf7 24. Ne8 Nc6 25. Nxf6 Nxd8 26. Rd1 b5 27. Bb3
Kxf6 28. Rxd8 Ke7 29. Rd2 Rb6 30. Kf1 Bb7 31. f3 Rd6 32. Rc2 Kd7 33. Ke2 a5 34.
a4 bxa4 35. Bxa4+ Bc6 36. Bxc6+ Rxc6 37. Kd2 a4 38. Rc3 Rd6+ 39. Kc2 Rc6 40. Kd2
Kc7 41. Rd3 Rd6 42. Rxd6 Kxd6 43. Kc3 Kc5 44. h3 h5 45. g3 e5 46. g4 fxg4 47.
fxg4 h4 48. Kd3 Kb4 49. Kc2 Kc4 50. Kd2 g5 51. Kc2 e4 52. Kd2 Kb3 53. Kc1 a3 54.
bxa3 Kxa3 55. Kc2 Kb4 56. Kb2 Kc4 57. Kc2 1/2-1/2

[Event "41st Olympiad Women 2014"]
[Site "Tromso NOR"]
[Date "2014.08.02"]
[Round "1.56"]
[Board "1"]
[White "De Blecourt, Sandra"]
[Black "Faqih, Yara"]
[Result "1-0"]
[WhiteTitle "WFM"]
[WhiteElo "2122"]
[BlackElo "1410"]
[WhiteTeam "Denmark"]
[BlackTeam "Palestine"]
[WhiteFideId "1004948"]
[BlackFideId "11501642"]
[EventDate "2014.08.02"]

1. d4 Nf6 2. c4 g6 3. Nc3 Bg7 4. e4 d6 5. Bd3 O-O 6. Nge2 c6 7. O-O e5 8. d5
cxd5 9. cxd5 b6 10. f3 Bb7 11. Be3 Nbd7 12. b4 Rc8 13. Nb5 Qe7 14. Nxa7 Ra8 15.
Nc6 Bxc6 16. dxc6 Nb8 17. b5 Qc7 18. Qb3 Rd8 19. Bc4 Ne8 20. Nc3 Nf6 21. a4 Ra7
22. Bd5 h5 23. a5 Rxa5 24. Rxa5 bxa5 25. b6 Qc8 26. b7 Qc7 27. Bb6 Qe7 28. c7
Re8 29. c8=Q Rxc8 30. bxc8=Q+ 1-0

[Event "41st Olympiad Women 2014"]
[Site "Tromso NOR"]
[Date "2014.08.03"]
[Round "2.4"]
[Board "4"]
[White "Yu, Sally"]
[Black "Gaponenko, Inna"]
[Result "0-1"]
[BlackTitle "IM"]
[WhiteElo "1953"]
[BlackElo "2379"]
[WhiteTeam "Australia"]
[BlackTeam "Ukraine"]
[WhiteFideId "3206718"]
[BlackFideId "14101181"]
[EventDate "2014.08.02"]

1. e4 c5 2. Nf3 Nc6 3. d4 cxd4 4. Nxd4 g6 5. Nc3 Bg7 6. Be3 Nf6 7. Bc4 O-O 8.
Bb3 d6 9. f3 Bd7 10. Qd2 Qa5 11. O-O-O Rfc8 12. g4 Ne5 13. h4 b5 14. Nd5 Qxd2+
15. Rxd2 Nxd5 16. Bxd5 Rab8 17. h5 e6 18. Bb3 a5 19. a3 a4 20. Ba2 b4 21. axb4
Rxb4 22. hxg6 hxg6 23. Rf1 a3 24. b3 Rc3 25. Bg1 Bh6 26. g5 Bxg5 27. f4 Bh6 28.
fxe5 dxe5 29. Ne2 Rh3 30. c4 Bc6 31. Bc5 Rb8 32. Bd6 Rd8 33. c5 Bxe4 34. b4 Bc6
35. Bc4 Rh4 36. Ba2 Rxb4 37. Nc3 Rb2 38. Rf2 Bf3 39. Bc4 e4 40. Rh2 Bg5 41. Nb5
Rxd2 42. Rxd2 e3 43. Re2 Bxe2 44. Bxe2 a2 45. Be5 Rd5 46. Bc3 Rxc5 47. Kb2 Rxc3
48. Nxc3 Bf6 0-1

[Event "41st Olympiad Women 2014"]
[Site "Tromso NOR"]
[Date "2014.08.03"]
[Round "2.8"]
[Board "1"]
[White "Shamima, Akter Liza"]
[Black "Mkrtchian, Lilit"]
[Result "0-1"]
[WhiteTitle "WIM"]
[BlackTitle "IM"]
[WhiteElo "2147"]
[BlackElo "2453"]
[WhiteTeam "Bangladesh"]
[BlackTeam "Armenia"]
[WhiteFideId "10202587"]
[BlackFideId "13300601"]
[EventDate "2014.08.02"]

1. d4 Nf6 2. c4 e6 3. Nc3 Bb4 4. f3 d5 5. a3 Bxc3+ 6. bxc3 c5 7. cxd5 Nxd5 8.
dxc5 f5 9. e3 Qa5 10. Qb3 Nd7 11. e4 fxe4 12. fxe4 Qxc3+ 13. Qxc3 Nxc3 14. Be3
Nxe4 15. Rc1 b6 16. Bb5 Nxc5 17. Nf3 O-O 18. O-O Ba6 19. Bxc5 Bxb5 20. Bxf8 Bxf1
21. Bd6 Ba6 22. Rc7 Nf6 23. Be5 Ne8 24. Re7 Bc4 25. Ng5 Bd5 26. Nxe6 Bxe6 27.
Rxe6 Kf7 28. Rc6 Rd8 29. h3 Rd5 30. Bb8 Ra5 31. Rc3 Ke6 32. Re3+ Kd7 33. Be5 g6
34. g4 Nd6 35. Bf6 Kc6 36. Re7 h5 37. gxh5 gxh5 38. Re3 Nc4 39. Rc3 Kd5 40. Be7
Ra4 41. Kg2 Ne5 42. Rb3 Rc4 43. Bf6 Ng6 44. Bg5 Ke4 45. Kg3 Kf5 46. h4 Ne5 47.
Kh3 Rd4 48. Kg2 Rd3 49. Rb4 Rxa3 50. Rf4+ Kg6 51. Rf6+ Kg7 52. Re6 Ng6 53. Rc6
Ra4 54. Rc7+ Kg8 55. Rc8+ Kf7 56. Rc7+ Ke8 57. Kh3 b5 58. Rc6 Nf4+ 59. Kg3 Ne2+
60. Kf2 Nd4 61. Rh6 Ra2+ 62. Kf1 b4 63. Be3 Nf5 64. Rh8+ Kf7 65. Bc5 b3 0-1

[Event "41st Olympiad Women 2014"]
[Site "Tromso NOR"]
[Date "2014.08.03"]
[Round "2.15"]
[Board "4"]
[White "Mamedjarova, Turkan"]
[Black "Melendez, Gabriela"]
[Result "1-0"]
[WhiteTitle "WGM"]
[BlackTitle "WFM"]
[WhiteElo "2274"]
[BlackElo "1877"]
[WhiteTeam "Azerbaijan"]
[BlackTeam "El Salvador"]
[WhiteFideId "13402005"]
[BlackFideId "6700705"]
[EventDate "2014.08.02"]

1. d4 Nf6 2. Nf3 d5 3. c4 e6 4. Nc3 Bb4 5. e3 O-O 6. Bd3 b6 7. O-O Ba6 8. cxd5
Bxd3 9. Qxd3 Bxc3 10. bxc3 exd5 11. Ba3 Re8 12. Rac1 Nbd7 13. c4 c6 14. Rc2 Ne4
15. cxd5 cxd5 16. Qb5 Nf8 17. Ne5 Ng6 18. Nxg6 hxg6 19. Rfc1 Qg5 20. Qd7 Nf6 21.
Qh3 Ng4 22. Qg3 Qf5 23. h3 Nf6 24. Qc7 g5 25. Be7 Ne4 26. f3 Qe6 27. Bb4 Nf6 28.
Bd2 Re7 29. Qc3 g4 30. hxg4 Ne8 31. Qc6 Rd8 32. Kf2 Nd6 33. Rh1 Rc8 34. Qa4 Nc4
35. Qb3 Nxd2 36. Rxd2 Rec7 37. Qb1 g6 38. Re2 Rc4 39. g5 R8c7 40. Qg1 Rc2 41.
Qh2 Kf8 42. Re1 Qf5 43. Qd6+ Kg7 44. Qd8 Rc8 45. Qe7 R2c7 46. Qe5+ Qxe5 47. dxe5
Kf8 48. Rd1 Rd7 49. Red2 Rc5 50. f4 Ke7 51. Kf3 Ke6 52. g4 Ra5 53. Rh1 Rc7 54.
Rh8 Rc1 55. Rd8 Rf1+ 56. Ke2 Rg1 57. Rd6+ Ke7 58. R6xd5 Rxd5 59. Rxd5 Rxg4 60.
Kf3 Rg1 61. Rd3 Rc1 62. e4 Rf1+ 63. Ke3 Re1+ 64. Kd4 Rf1 65. Ra3 a5 66. Rb3 Rxf4
67. Rxb6 Rf2 68. e6 Rxa2 69. Ke5 fxe6 70. Rb7+ Kd8 71. Kxe6 Re2 72. e5 a4 73.
Ra7 Re4 74. Kf6 Ke8 75. e6 Kd8 76. e7+ Ke8 77. Ra8+ Kd7 78. Rd8+ 1-0

[Event "41st Olympiad Women 2014"]
[Site "Tromso NOR"]
[Date "2014.08.03"]
[Round "2.18"]
[Board "2"]
[White "Foisor, Cristina-Adela"]
[Black "Shvayger, Yuliya"]
[Result "1/2-1/2"]
[WhiteTitle "IM"]
[BlackTitle "WIM"]
[WhiteElo "2404"]
[BlackElo "2275"]
[WhiteTeam "Romania"]
[BlackTeam "Israel"]
[WhiteFideId "1200496"]
[BlackFideId "14100126"]
[EventDate "2014.08.02"]

1. c4 c5 2. Nf3 Nc6 3. d4 cxd4 4. Nxd4 g6 5. e4 Bg7 6. Be3 Nf6 7. Nc3 d6 8. Be2
O-O 9. Qd2 Ng4 10. Bxg4 Bxg4 11. f3 Be6 12. b3 Qa5 13. Rc1 Rfc8 14. O-O a6 15.
Rfd1 Nxd4 16. Bxd4 Bxd4+ 17. Qxd4 b5 18. f4 bxc4 19. b4 Qc7 20. Rf1 f6 21. f5
Bf7 22. Rf2 Rab8 23. a3 a5 24. b5 a4 25. Qd2 Qc5 26. Qh6 g5 27. h4 Qe3 28. Rc2
Qg3 29. hxg5 Qxg5 30. Qh3 Kh8 31. Kh2 Rg8 32. Kg1 Rg7 33. Kf1 Be8 34. Kg1 Bf7
35. Kf1 Be8 36. Kg1 Bf7 1/2-1/2

[Event "41st Olympiad Women 2014"]
[Site "Tromso NOR"]
[Date "2014.08.03"]
[Round "2.26"]
[Board "1"]
[White "Houska, Jovanka"]
[Black "Dimitrijevic, Aleksandra"]
[Result "1/2-1/2"]
[WhiteTitle "IM"]
[BlackTitle "WFM"]
[WhiteElo "2401"]
[BlackElo "2293"]
[WhiteTeam "England"]
[BlackTeam "Bosnia & Herzegovina"]
[WhiteFideId "405094"]
[BlackFideId "929239"]
[EventDate "2014.08.02"]

1. d4 d6 2. Nf3 Nf6 3. g3 c6 4. c4 Bf5 5. Qb3 Qc7 6. Bg2 e5 7. dxe5 dxe5 8. Nxe5
Qxe5 9. Qxb7 Be4 10. f3 Bxb1 11. Rxb1 Bc5 12. b4 O-O 13. bxc5 Nbd7 14. Bf4 Qc3+
15. Bd2 Qxc4 16. Qb3 Qa6 17. Rc1 Ne5 18. f4 Rab8 19. Qc3 Neg4 20. h3 Rfe8 21.
Qc4 Qa3 22. Qc3 Qa6 23. O-O Nh6 24. Qc4 Qxc4 25. Rxc4 Rxe2 26. Rf2 Rb1+ 27. Rc1
Rxc1+ 28. Bxc1 Re1+ 29. Rf1 Rxf1+ 30. Kxf1 Nf5 31. Bxc6 Nxg3+ 32. Kg2 Nge4 33.
Ba3 Kf8 34. Bb5 Ke7 35. Kf3 Nc3 36. Bc4 Kd7 37. Bxf7 Kc6 38. Bb2 Nce4 39. Bd4
Nxc5 40. h4 a5 41. h5 Ncd7 42. a4 Kd6 43. Bb3 Nxh5 44. Bc3 Nc5 45. Bc2 Nf6 46.
Bxa5 Nd5 47. Bd2 h5 48. Kg3 Ne6 49. a5 Nd4 50. Bd3 h4+ 51. Kh3 Nb3 52. a6 Nxd2
53. a7 Nc7 54. Kxh4 1/2-1/2

[Event "41st Olympiad Women 2014"]
[Site "Tromso NOR"]
[Date "2014.08.03"]
[Round "2.36"]
[Board "1"]
[White "Frick, Denise"]
[Black "Madrigal, Ana Daniela"]
[Result "0-1"]
[WhiteTitle "WIM"]
[BlackTitle "WFM"]
[WhiteElo "1892"]
[BlackElo "1986"]
[WhiteTeam "South Africa"]
[BlackTeam "Nicaragua"]
[WhiteFideId "14300818"]
[BlackFideId "6101097"]
[EventDate "2014.08.02"]

1. e4 e5 2. Nf3 Nc6 3. Bb5 a6 4. Ba4 Nf6 5. Qe2 b5 6. Bb3 Bc5 7. c3 d6 8. O-O
O-O 9. d3 Be6 10. Bc2 Re8 11. Nbd2 d5 12. exd5 Bxd5 13. h3 Bb6 14. Re1 Qd6 15.
Ne4 Nxe4 16. dxe4 Bc4 17. Qd2 Qc5 18. Qe3 Qe7 19. Qg5 f6 20. Qg3 Qf7 21. b3 Be6
22. Nh4 Rad8 23. Nf5 Kh8 24. h4 Ne7 25. Nxe7 Rxe7 26. Be3 Red7 27. Rad1 Rxd1 28.
Rxd1 Rxd1+ 29. Bxd1 Qd7 30. Be2 Qc6 31. Bxb6 Qxb6 32. Qd3 Qd6 33. Qxd6 cxd6 34.
c4 b4 35. c5 dxc5 36. Bxa6 g5 37. hxg5 fxg5 38. Kf1 h5 39. f3 Kg7 40. Ke2 Kf6
41. Kd3 Ke7 42. Bc4 Bc8 43. Bb5 h4 44. Bc4 Kd6 45. Bb5 Be6 46. Ba6 Kc6 47. Bc4
Bc8 48. Bd5+ Kd6 49. Bc4 g4 50. fxg4 Bxg4 51. Ke3 Bh5 52. Bd5 Bd1 53. Kd2 Bf3
54. Ke3 Bxg2 55. Kf2 Bh3 56. Kf3 Bd7 57. Bc4 Ke7 58. Bd3 Kf6 59. Ke3 Kg5 60. Be2
h3 61. Bf3 Kh4 62. Kf2 Bg4 63. Bh1 Bh5 64. Ke3 Kg3 0-1

[Event "41st Olympiad Women 2014"]
[Site "Tromso NOR"]
[Date "2014.08.03"]
[Round "2.37"]
[Board "2"]
[White "Francis, Onkemetse"]
[Black "de Leon, Patricia"]
[Result "0-1"]
[WhiteTitle "WFM"]
[BlackTitle "WFM"]
[WhiteElo "1735"]
[BlackElo "1921"]
[WhiteTeam "Botswana"]
[BlackTeam "Uruguay"]
[WhiteFideId "11301287"]
[BlackFideId "3000273"]
[EventDate "2014.08.02"]

1. e4 e6 2. d3 d5 3. Nd2 c5 4. Ngf3 Nc6 5. Be2 g6 6. c3 Bg7 7. Qc2 Nge7 8. O-O
b6 9. Re1 O-O 10. Nf1 a5 11. Bg5 h6 12. Bd2 d4 13. Rad1 Kh7 14. Ng3 e5 15. h3
Be6 16. Nh2 b5 17. Bg4 f5 18. exf5 gxf5 19. Bf3 Rc8 20. Qb1 a4 21. Nh5 Rg8 22.
Nf1 Bd5 23. Bxd5 Nxd5 24. Qc1 f4 25. c4 0-1